000 00983cab a2200289 4500
001 ABS57768
008 090401t1997 xxu||||| |||| 00| 0 eng d
035 _a(Sirsi) u81331
041 _aeng
100 _aLewison, K.
245 _aLandlords get mixed signals on disclaimers
260 _c1997
350 _a0
490 _aProperty Week
_v60(13) 26 September 1997, 27(1)
520 _aLooks at what happens to landlords when tenants disclaim a lease, in "Re Park Air Services, Christopher Moran Holdings v Bairstow", and "Sterling Estates v Pickard UK".
650 _aDISCLAIMER OF LEASE
650 _aDISCLAIMERS
650 _aInsolvency
_96247
650 _aLEASES
650 _aOFFICES
650 _aOVER-RENTED PROPERTY
650 _aRE PARK AIR SERVICES PLC; CHRISTOPHER MORAN HOLDINGS LTD V BAIRSTOW AN
650 _aSTERLING ESTATES V PICKARD UK LTD AND OTHERS
690 _aLANDLORD AND TENANT-BUSINESS TENANCIES
942 _n0
948 _c08/10/1997
999 _c51244
_d51244